Shelter for today and tomorrow : (Record no. 5595)
[ view plain ]
| 000 -LEADER | |
|---|---|
| fixed length control field | 00981nam a22002292 4500 |
| 001 - CONTROL NUMBER | |
| control field | 0000002022 |
| 005 - DATE AND TIME OF LATEST TRANSACTION | |
| control field | 20151217151837.0 |
| 008 - FIXED-LENGTH DATA ELEMENTS--GENERAL INFORMATION | |
| fixed length control field | 070330s xx 000 0 eng d |
| 020 ## - INTERNATIONAL STANDARD BOOK NUMBER | |
| International Standard Book Number | 9211311896 : |
| Terms of availability | KES 2,150 |
| 040 ## - CATALOGING SOURCE | |
| Original cataloging agency | KABU |
| Transcribing agency | KABU |
| 050 #0 - LIBRARY OF CONGRESS CALL NUMBER | |
| Classification number | HD7391 |
| Item number | .U55 1991 |
| 110 2# - MAIN ENTRY--CORPORATE NAME | |
| Corporate name or jurisdiction name as entry element | United Nations. |
| Subordinate unit | Commission on Human Settlements. |
| -- | 0000151208 |
| 245 10 - TITLE STATEMENT | |
| Title | Shelter for today and tomorrow : |
| Remainder of title | enabling the sustainable development of appropriate shelter and human settlement : the work of the Commission on Human Settlements and its thirteenth session. |
| 260 ## - PUBLICATION, DISTRIBUTION, ETC. (IMPRINT) | |
| Place of publication, distribution, etc. | Nairobi : |
| Name of publisher, distributor, etc. | United Nations Centre for Human Settlements (Habitat), |
| Date of publication, distribution, etc. | 1991. |
| 300 ## - PHYSICAL DESCRIPTION | |
| Extent | vi, 603 p. ; |
| Dimensions | 21 cm. |
| 650 #0 - SUBJECT ADDED ENTRY--TOPICAL TERM | |
| Topical term or geographic name as entry element | Housing |
| Geographic subdivision | Developing countries |
| General subdivision | Congresses. |
| -- | 0000151209 |
| 710 2# - ADDED ENTRY--CORPORATE NAME | |
| Corporate name or jurisdiction name as entry element | United Nations Centre for Human Settlements. |
| -- | 0000151084 |
| 908 ## - PUT COMMAND PARAMETER (RLIN) | |
| Put command parameter | 070330 |
| 950 ## - LOCAL HOLDINGS (RLIN) | |
| -- | 1 |
| Withdrawn status | Lost status | Source of classification or shelving scheme | Not for loan | Home library | Current library | Date acquired | Total Checkouts | Full call number | Barcode | Date last seen | Date last checked out | Copy number | Price effective from | Koha item type |
|---|---|---|---|---|---|---|---|---|---|---|---|---|---|---|
| Library of Congress Classification | Kabarak, Main Campus | Kabarak, Main Campus | 17/12/2015 | 1 | HD7391 .U55 1991 C.1 | 001663 | 02/08/2024 | 15/07/2016 | C.1 | 17/12/2015 | General Collection | |||
| Library of Congress Classification | Kabarak, Main Campus | Kabarak, Main Campus | 17/12/2015 | 1 | HD7391 .U55 1991 C.2 | 001664 | 02/08/2024 | 15/07/2016 | C.2 | 17/12/2015 | General Collection |